00330nam a22001457a 4500003000400000008004100004020001800045082001600063100001800079245002300097250000800120260003400128300000900162650001300171OSt210814b ||||| |||| 00| 0 eng d a9789390185719 a910.54bHUGG aHUSAIN, Majid aGeography of India aRep aNew DelhibMc Graw Hillc2020 aMisc aYearbook